000 01340namaa22003251i 4500
005 20260513102502.0
008 260513s1995 ua a|||frm||| 000 0 eng d
040 _aEG-GICUC
_beng
_cEG-GICUC
_dEG-GICUC
_erda
041 0 _aeng
_beng
_bara
049 _aDeposit
097 _aM.Sc
099 _aCai01.11.07.M.Sc.1995.Me.P
100 0 _aMedhat Saddik Salama,
_epreparation.
245 1 0 _aPolymerase chain reaction /
_cBy Medhat Saddik Salama ; Superviseo Prof. Dr. Hala Abbas Abdel Aziz, Prof. Dr. Ibtesam Mohammed Farid, Dr. Asmaa Abdl Ksder El Reweny
_bRemainder of title /
246 1 5 _aسلسة تفاعل البوليميريز
264 0 _c1995.
300 _a120 Leaves
_billustrations
_c30 cm. +
336 _2rda content
_atext
337 _2rdamedia
_aUnmediated
338 _2rdacarrier
_avolume
502 _aThesis (M.Sc.)-Cairo University, 1995
504 _aBibliography: pages 95-120
653 0 _aPolymerase chain reaction
700 0 _aHala Abbas Abdel Aziz
_ethesis advisor.
700 0 _aIbtesam Mohammed Farid
_ethesis advisor.
700 0 _aAsmaa Abdl Ksder El Reweny
_ethesis advisor.
900 _DDepartment of Clinical Patholooy
_FFaculty of Medicine
_UCairo University
_b1995
_cHala Abbas Abdel Aziz
_cIbtesam Mohammed Farid
_cAsmaa Abdl Ksder El Reweny
905 _aNehad
942 _2ddc
_cTH
_e21
_n0
999 _c180116